000 00732nam a22001697a 4500
005 20260301162600.0
010 _aBACCHHN26
020 _c595.00
_a9789392862984
037 _bएस.के.बुक ऐजेन्सी
082 _a920
100 _aहेमन्त खरे
_987984
245 _aबीर कुँवर सिंह /
_cहेमन्त खरे
260 _aनई दिल्ली
_bएस.के.बुक ऐजेन्सी
_c2025
270 _a5 ए/12,शॉप नं.3, असारी रोड, दरियागंज
_bनई दिल्ली
_e110002
300 _a128पृ.
_c22सेमी (सजिल्द)
942 _2ddc
_cCH
_mहेमन्त
_h920
999 _c215281
_d215281